ARRUPE JESUIT UNIVERSITY

CORONAVIRUS -STOP THE SPREAD - CLEAN,DISINFECT,COVER

Women, work & domestic virtue in Uganda, 1900-2003 / (Record no. 131263)

MARC details
000 -LEADER
fixed length control field 02304cam a2200529 a 4500
001 - CONTROL NUMBER
control field 14668701
003 - CONTROL NUMBER IDENTIFIER
control field ARRUPE
005 - DATE AND TIME OF LATEST TRANSACTION
control field 20220407081620.0
008 - FIXED-LENGTH DATA ELEMENTS--GENERAL INFORMATION
fixed length control field 061213s2006 enkab b 001 0 eng
010 ## - LIBRARY OF CONGRESS CONTROL NUMBER
LC control number 2006299670
015 ## - NATIONAL BIBLIOGRAPHY NUMBER
National bibliography number GBA636702
Source bnb
016 7# - NATIONAL BIBLIOGRAPHIC AGENCY CONTROL NUMBER
Record control number 013437587
Source Uk
020 ## - INTERNATIONAL STANDARD BOOK NUMBER
International Standard Book Number 0852559887 (James Currey cloth)
020 ## - INTERNATIONAL STANDARD BOOK NUMBER
International Standard Book Number 0852559879 (James Currey paper)
020 ## - INTERNATIONAL STANDARD BOOK NUMBER
International Standard Book Number 9970025864 (Fountain Publishers paper)
020 ## - INTERNATIONAL STANDARD BOOK NUMBER
International Standard Book Number 0821417339 (Ohio University cloth)
020 ## - INTERNATIONAL STANDARD BOOK NUMBER
International Standard Book Number 0821417347 (Ohio University paper)
024 3# - OTHER STANDARD IDENTIFIER
Terms of availability 9780852559888 (James Currey cloth)
024 3# - OTHER STANDARD IDENTIFIER
Terms of availability 9780852559871 (James Currey paper)
024 3# - OTHER STANDARD IDENTIFIER
Terms of availability 9789970025862 (Fountain Publishers paper)
024 3# - OTHER STANDARD IDENTIFIER
Terms of availability 9780821417331 (Ohio University cloth)
024 3# - OTHER STANDARD IDENTIFIER
Terms of availability 9780821417348 (Ohio University paper)
035 ## - SYSTEM CONTROL NUMBER
System control number (OCoLC)ocm65469027
035 ## - SYSTEM CONTROL NUMBER
System control number (OCoLC)65469027
040 ## - CATALOGING SOURCE
Original cataloging agency UKM
Transcribing agency UKM
Modifying agency BWKUK
-- BAKER
-- YDXCP
-- DLC
042 ## - AUTHENTICATION CODE
Authentication code lccopycat
043 ## - GEOGRAPHIC AREA CODE
Geographic area code f-ug---
050 00 - LIBRARY OF CONGRESS CALL NUMBER
Classification number HD6210.7
Item number .B36 2006
082 04 - DEWEY DECIMAL CLASSIFICATION NUMBER
Classification number 331.40967610904
Edition number 22
300 ## - PHYSICAL DESCRIPTION
Other physical details ill., maps ;
Dimensions 23 cm.
100 1# - MAIN ENTRY--PERSONAL NAME
Personal name Bantebya-Kyomuhendo, Grace.
9 (RLIN) 51234
245 10 - TITLE STATEMENT
Title Women, work & domestic virtue in Uganda, 1900-2003 /
Statement of responsibility, etc Grace Bantebya Kyomuhendo & Marjorie Keniston McIntosh.
246 3# - VARYING FORM OF TITLE
Title proper/short title Women, work and domestic virtue in Uganda, 1900-2003
260 ## - PUBLICATION, DISTRIBUTION, ETC. (IMPRINT)
Place of publication, distribution, etc Oxford :
Name of publisher, distributor, etc James Currey ;
Place of publication, distribution, etc Athens, Ohio :
Name of publisher, distributor, etc Ohio University Press ;
Place of publication, distribution, etc Kampala [Uganda] :
Name of publisher, distributor, etc Fountain Publishers,
Date of publication, distribution, etc 2006.
300 ## - PHYSICAL DESCRIPTION
Extent xii, 308 p. :
490 1# - SERIES STATEMENT
Series statement Eastern African studies
504 ## - BIBLIOGRAPHY, ETC. NOTE
Bibliography, etc Includes bibliographical references (p. 280-299) and index.
650 #0 - SUBJECT ADDED ENTRY--TOPICAL TERM
Topical term or geographic name as entry element Women
General subdivision Employment
Geographic subdivision Uganda
General subdivision History.
9 (RLIN) 51235
650 #0 - SUBJECT ADDED ENTRY--TOPICAL TERM
Topical term or geographic name as entry element Women
Geographic subdivision Uganda
General subdivision Social conditions.
9 (RLIN) 51236
700 1# - ADDED ENTRY--PERSONAL NAME
Personal name McIntosh, Marjorie Keniston.
9 (RLIN) 51237
830 #0 - SERIES ADDED ENTRY--UNIFORM TITLE
Uniform title Eastern African studies (London, England)
856 41 - ELECTRONIC LOCATION AND ACCESS
Materials specified Table of contents only
Uniform Resource Identifier <a href="http://www.loc.gov/catdir/toc/fy0705/2006299670.html">http://www.loc.gov/catdir/toc/fy0705/2006299670.html</a>
856 42 - ELECTRONIC LOCATION AND ACCESS
Materials specified Contributor biographical information
Uniform Resource Identifier <a href="http://www.loc.gov/catdir/enhancements/fy0707/2006299670-b.html">http://www.loc.gov/catdir/enhancements/fy0707/2006299670-b.html</a>
856 42 - ELECTRONIC LOCATION AND ACCESS
Materials specified Publisher description
Uniform Resource Identifier <a href="http://www.loc.gov/catdir/enhancements/fy0707/2006299670-d.html">http://www.loc.gov/catdir/enhancements/fy0707/2006299670-d.html</a>
906 ## - LOCAL DATA ELEMENT F, LDF (RLIN)
a 7
b cbc
c copycat
d 2
e ncip
f 20
g y-gencatlg
942 ## - ADDED ENTRY ELEMENTS (KOHA)
Source of classification or shelving scheme Library of Congress Classification
Koha item type Monograph ( Printed materials)
Holdings
Withdrawn status Lost status Source of classification or shelving scheme Damaged status Not for loan Collection code Home library Current library Shelving location Date acquired Total Checkouts Full call number Barcode Date last seen Price effective from Koha item type
    Library of Congress Classification     Main Collection ARRUPE LIBRARY ARRUPE LIBRARY Main Collection 07/04/2022   HD6210.7 .B36 2006 46600009189 07/04/2022 07/04/2022 Monograph ( Printed materials)

 

Arrupe Library. PO Box MP320 Mt Pleasant, Harare, Zimbabwe
263 242 745411|librarian@aju.ac.zw